[Event "Chigorin Memorial 17th"]
[Site "St Petersburg"]
[Date "2009.10.17"]
[Round "2"]
[White "Mamedov, Elmin"]
[Black "Solovyov, Viktor"]
[Result "0-1"]
[WhiteElo "1831"]
[BlackElo "2204"]
[PlyCount "77"]
[EventDate "2009.10.16"]
[EventType "swiss"]
[EventRounds "9"]
[EventCountry "RUS"]
[SourceTitle "CBM 132 Extra"]
[Source "ChessBase"]
[SourceDate "2009.11.03"]
[SourceVersion "1"]
[SourceVersionDate "2009.11.03"]
[SourceQuality "1"]

1. e4 e5 2. Nf3 Nc6 3. Bb5 Nf6 4. 0-0 Nxe4 5. Re1 Nd6 6. Bxc6 dxc6 7. Nxe5 Be7 8. Nc3 0-0 9. d3 Nf5 10. Ne4 c5 11. Bd2 Be6 12. Bc3 Nd4 13. h3 Re8 14. Nf3 Qd5 15. Bxd4 cxd4 16. Qd2 h6 17. Qf4 c5 18. g4 Qd8 19. g5 Qb8 20. Qxb8 Raxb8 21. gxh6 gxh6 22. Kh2 Kh7 23. Re2 Bd5 24. Rae1 Rg8 25. Ne5 Be6 26. f4 Rg7 27. Rf1 f5 28. Ng3 Re8 29. Nh5 Rgg8 30. b3 Bd8 31. a4 Bh4 32. Rg1 Rxg1 33. Kxg1 Bf7 34. Ng3 Bxg3 35. Rg2 Rxe5 36. fxe5 Bxe5 37. Re2 Bd6 38. Kf2 Kg7 39. Kf3 0-1

[Event "Chigorin Memorial 17th"]
[Site "St Petersburg"]
[Date "2009.10.16"]
[Round "1"]
[White "Demianjuk, Alexander"]
[Black "Mamedov, Elmin"]
[Result "1-0"]
[WhiteElo "2367"]
[BlackElo "1831"]
[PlyCount "55"]
[EventDate "2009.10.16"]
[EventType "swiss"]
[EventRounds "9"]
[EventCountry "RUS"]
[SourceTitle "CBM 132 Extra"]
[Source "ChessBase"]
[SourceDate "2009.11.03"]
[SourceVersion "1"]
[SourceVersionDate "2009.11.03"]
[SourceQuality "1"]

1. c4 Nf6 2. d4 c5 3. d5 d6 4. Nc3 g6 5. e4 Bg7 6. Bd3 0-0 7. Nge2 e6 8. 0-0 exd5 9. exd5 a6 10. h3 Re8 11. Bg5 h6 12. Bd2 Nbd7 13. f4 Rb8 14. a4 Nb6 15. Qc2 Bd7 16. Ng3 Nh7 17. f5 g5 18. Nce4 Nc8 19. Kh1 b5 20. axb5 axb5 21. f6 Nxf6 22. Nxf6+ Bxf6 23. Nh5 Bg7 24. Bh7+ Kh8 25. Nxg7 Kxg7 26. Rxf7+ Kxf7 27. Qg6+ Ke7 28. Qg7# 1-0